000
00200 a2200097 4500
001
43550
100
_a
Brooke
245
_a
Modern poetry
260
_a
New York
_b
E P Dutton
_c
090
_c
27367
_d
27367
942
_a
NUST-CAE
_c
M
_c
19299
999
_c
278623
_d
278623